000 00363nam a2200145Ia 4500
008 230917s9999||||xx |||||||||||||| ||und||
040 _e147038
_aMAIN
041 _aEnglish
082 _a309.03901-1 R 983I
100 _aRykwert, Joseph
245 0 _aIdea of a town
260 _aNew Jersey
_bprinceton university Press
_c1976
300 _a233p p.
942 _cBK
999 _c42863
_d42863